स्वाधीनता आंदोलन और प्रतिबंधित हिन्दी उपन्यास (Record no. 62092)
[ view plain ]
| 000 -LEADER | |
|---|---|
| fixed length control field | 00650nam a22001577a 4500 |
| 003 - CONTROL NUMBER IDENTIFIER | |
| control field | macl |
| 005 - DATE AND TIME OF LATEST TRANSACTION | |
| control field | 20200215130408.0 |
| 008 - FIXED-LENGTH DATA ELEMENTS--GENERAL INFORMATION | |
| fixed length control field | 200215b xxu||||| |||| 00| 0 eng d |
| 040 ## - CATALOGING SOURCE | |
| Transcribing agency | macl |
| 100 ## - MAIN ENTRY--PERSONAL NAME | |
| Personal name | सिन्हा महेश प्रसाद |
| 9 (RLIN) | 78232 |
| 245 ## - TITLE STATEMENT | |
| Title | स्वाधीनता आंदोलन और प्रतिबंधित हिन्दी उपन्यास |
| 260 ## - PUBLICATION, DISTRIBUTION, ETC. (IMPRINT) | |
| Place of publication, distribution, etc. | नई दिल्ली |
| Name of publisher, distributor, etc. | लक्की इंटरनेशनल |
| Date of publication, distribution, etc. | 2015 |
| 600 ## - SUBJECT ADDED ENTRY--PERSONAL NAME | |
| Personal name | महेश प्रसाद सिन्हा |
| 9 (RLIN) | 78233 |
| 650 ## - SUBJECT ADDED ENTRY--TOPICAL TERM | |
| Topical term or geographic name as entry element | उपन्यास साहित्य |
| 9 (RLIN) | 100 |
| 942 ## - ADDED ENTRY ELEMENTS (KOHA) | |
| Source of classification or shelving scheme | |
| Koha item type | Hindi Books |
| Withdrawn status | Lost status | Source of classification or shelving scheme | Damaged status | Not for loan | Home library | Current library | Date acquired | Cost, normal purchase price | Total Checkouts | Full call number | Barcode | Date last seen | Price effective from | Koha item type |
|---|---|---|---|---|---|---|---|---|---|---|---|---|---|---|
| MACL | MACL | 15/02/2020 | 425.00 | 800 | CRH034902 | 15/02/2020 | 15/02/2020 | Hindi Books |









